| 000 | 00685nam a2200217 i 4500 | ||
|---|---|---|---|
| 001 | bg | ||
| 245 | 0 | 0 |
_aPrzewodnik bibliograficzny 1975-2004 : _bbibliograficzna baza danych _h[Dokument elektroniczny]. _nCz.1, _p1990-2004. / _cBiblioteka Narodowa |
| 260 |
_aWarszawa : _bBN, _c2005. |
||
| 300 | _a1 dysk optyczny [CD ROM]. | ||
| 490 | 1 | _x1505-7895 | |
| 500 | _aSystem Obsługi MAK, format MARC 21. | ||
| 650 | 9 |
_aBibliografia bieżąca _zPolska |
|
| 650 | 9 |
_aBibliografia narodowa _zPolska |
|
| 710 | 0 | _aBiblioteka Narodowa | |
| 830 | _x1505-7895 | ||
| 040 | _cBPK | ||
| 041 | 0 | _apl | |
| 080 | _a015(438)"1975/2004" | ||
| 942 | _cCD | ||
| 008 | s pl f |000 0 pol | ||
| 999 |
_c24048 _d24048 |
||
| 856 |
_uhttp://koha.tu.koszalin.pl/cgi-bin/koha/opac-detail.pl?biblionumber=24048 _yKatalog online BPK |
||